Resolución N° 191 de 1964 (Registro nro. 13076)

Detalles MARC
000 -CABECERA
Campo de control 007010000a22001810004500
090 ## - CLASIFICACIÓN LOCAL
Colección AR
Consecutivo 04043
041 0# - IDIOMA
Código de idioma para texto/pista de sonido o título separado
110 1# - ASIENTO PRINCIPAL--NOMBRE CORPORATIVO
Nombre corporativo o de jurisdicción como elemento de entrada Instituto Colombiano de la Reforma Agraría
-- INCORA
245 10 - MENCION DE TITULO
Título Resolución N° 191 de 1964
Version por el cual se reservan y declaran como Parques Nacionales Naturales, tres sectores de tierras baldías en el departamento de Magdalena
260 ## - PUBLICACION, DISTRIBUCION, ETC. (PIE DE IMPRENTA)
Lugar de publicación, distribución, etc. Bogotá
Nombre del editor, distribuidor, etc. Instituto Colombiano de la Reforma Agraría
Fecha de publicación, distribución, etc. 1964
300 ## - DESCRIPCION FISICA
Extensión 3 p.
650 14 - ASIENTO SECUNDARIO DE MATERIA - TERMINO TEMATICO
Término temático o nombre geográfico como elemento de entrada Areas protegidas
650 14 - ASIENTO SECUNDARIO DE MATERIA - TERMINO TEMATICO
Término temático o nombre geográfico como elemento de entrada Declaración de Parques Nacionales
650 14 - ASIENTO SECUNDARIO DE MATERIA - TERMINO TEMATICO
Término temático o nombre geográfico como elemento de entrada Legislación ambiental
650 14 - ASIENTO SECUNDARIO DE MATERIA - TERMINO TEMATICO
Término temático o nombre geográfico como elemento de entrada Políticas ambientales
651 #4 - ASIENTO SECUNDARIO DE MATERIA - NOMBRE GEOGRAFICO
-- Colombia
942 ## - ELEMENTOS ADICIONALES (KOHA)
Tipo de ítem Artículo
Existencias
Withdrawn status Lost status Damaged status No para préstamo Colección Ubicación Permanente Ubicación actual Fecha de adquisición Datos de publicación Seriada Total Checkouts Número topográfico Inventario / Código de Barras Date last seen Ejemplar Price effective from Forma de adquisición Tipo de material
      No para Préstamo Hemeroteca Bogotá Bogotá 27/02/2015 Fuera de circulación   AR 04043 014504 25/03/2015 1 25/03/2015   Artículo